000 00479nam a2200181Ia 4500
001 11237
005 20260306161931.0
008 260306t2015||||xx |||||||||||||| ||spa||
041 _aESP
082 _a985.019
_bS55 T. 3
100 _aSilverman, Gail P.
_eAUT
245 0 _aLos signos del imperio. Cápac Pallay:
_blo invisible en el tejido andino
260 _c2015
300 _a170 páginas : 170
_c24 cm.
650 _aGEN
654 _aCHU
942 _cLIB
_dJUS
_fJUS
_2ddc
_n
999 _c11237
_d11237